000 00415nam a2200169Ia 4500
005 20240604005441.0
008 240331s9999 xx 000 0 und d
020 _a9789380536156
082 _bAYO
_a345
245 0 _aOn the Ayodhya Judgement of the Allahabad High Court
260 _aNew Delhi
_bSAHMAT
_c2010
300 _a64 p .,
650 _aHistory
650 _aLaw
650 _aHuman rights
942 _cL
999 _c5696
_d5696